Normal view
MARC view
Entry Personal Name
001 - CONTROL NUMBER
- control field: 60380
003 - CONTROL NUMBER IDENTIFIER
- control field: OSt
005 - DATE AND TIME OF LATEST TRANSACTION
- control field: 20260505154232.0
008 - FIXED-LENGTH DATA ELEMENTS
- fixed length control field: 260505|| aca||aabn | a|a d
040 ## - CATALOGING SOURCE
- Original cataloging agency: OSt
- Transcribing agency: OSt
100 ## - HEADING--PERSONAL NAME
- Personal name: Natarajan, Rajesh Raj and Sen, Kunal
670 ## - SOURCE DATA FOUND
- Source citation: Work cat.: (OSt): Natarajan, Rajesh Raj and Sen, Kunal, Unorganised manufacturing enterprises in INDIA: Significance, heterogeneity, performance, and constraints
